مكتبة جامعة عجلون الوطنية

فهرس بحث المكتبة

Normal view MARC view
  • الحسين بن طلال، ملك الأردن، 1952-1999 ؛ ترجمة غالب عارف طوقان

Entry Personal Name

Number of records used in: 1

001 - CONTROL NUMBER

  • control field: 56049

003 - CONTROL NUMBER IDENTIFIER

  • control field: JO-AjAnu

005 - DATE AND TIME OF LATEST TRANSACTION

  • control field: 20230606083204.0

008 - FIXED-LENGTH DATA ELEMENTS

  • fixed length control field: 230606|| aca||aabn | a|a d

040 ## - CATALOGING SOURCE

  • Original cataloging agency: JO-AjAnu
  • Transcribing agency: JO-AjAnu

100 ## - HEADING--PERSONAL NAME

  • Personal name: الحسين بن طلال، ملك الأردن، 1952-1999 ؛ ترجمة غالب عارف طوقان

670 ## - SOURCE DATA FOUND

  • Source citation: Work cat.: (JO-AjAnu)28605: الحسين بن طلال، ملك الأردن، 1952-1999 ؛ ترجمة غالب عارف طوقان, author, الحسين ملك المملكة الأردنية الهاشمية: مهنتي كملك: أحاديث ملكية